Unemployment insurance and short - time compensation (Record no. 11107)

000 -LEADER
fixed length control field 00467pab a2200157 454500
008 - FIXED-LENGTH DATA ELEMENTS--GENERAL INFORMATION
fixed length control field 180718b1989 xxu||||| |||| 00| 0 eng d
100 ## - MAIN ENTRY--PERSONAL NAME
Personal name Burudett, Kenneth
245 ## - TITLE STATEMENT
Title Unemployment insurance and short - time compensation
Remainder of title The effects on payoffs, hours per worker, and wages
260 ## - PUBLICATION, DISTRIBUTION, ETC.
Date of publication, distribution, etc. 1989
300 ## - PHYSICAL DESCRIPTION
Extent 1479-96
362 ## - DATES OF PUBLICATION AND/OR SEQUENTIAL DESIGNATION
Dates of publication and/or sequential designation Dec.
650 ## - SUBJECT ADDED ENTRY--TOPICAL TERM
Topical term or geographic name entry element Insurance, Unemployment
700 ## - ADDED ENTRY--PERSONAL NAME
Personal name Randall Wright
773 ## - HOST ITEM ENTRY
Main entry heading Journal of Political Economy
909 ## -
-- 11107
Holdings
Withdrawn status Lost status Damaged status Not for loan Permanent Location Current Location Date acquired Serial Enumeration / chronology Barcode Date last seen Price effective from Koha item type
        Indian Institute of Public Administration Indian Institute of Public Administration 2018-07-19 Volume no: 97, Issue no: 6 AR11146 2018-07-19 2018-07-19 Articles

Powered by Koha